00802cam a22002293a 45000010005000000030006000050050017000110080041000280400015000690420007000840500007000911000037000982450145001352600029002805060030003095160020003396530030003596530047003896530067004368300028005038560041005319822PGUSA20140828083216.0060201s2006||||xxu|||||s|||||000 | eng d aPGUSAbeng adc 4aDA1 aThomson, A. T.,cMrs,d1797-186210aMrs. Mary Robinson, Written by Herself, :bWith the lives of the Duchesses of Gordon and Devonshireh[electronic resource] /cA. T., Thomson bProject Gutenberg,c2006 aPublic domain in the USA. aElectronic text aRobinson, Mary, 1758-1800 aGordon, Jane Gordon, Duchess of, 1748-1812 aDevonshire, Georgiana Spencer Cavendish, Duchess of, 1757-1806 0aProject Gutenbergv982240uhttp://www.gutenberg.org/ebooks/9822